Statistics for G1優勝馬

Click here to take the quiz!

General Stats

  • This quiz has been taken 2 times
  • The average score is 305 of 800

Answer Stats

レース名優勝馬% Correct
フェブラリーS2023レモンポップ
100%
宝塚記念2014ゴールドシップ
100%
宝塚記念2000テイエムオペラオー
100%
宝塚記念2001メイショウドトウ
100%
宝塚記念2006ディープインパクト
100%
宝塚記念2009ドリームジャーニー
100%
宝塚記念2012オルフェーヴル
100%
宝塚記念2013ゴールドシップ
100%
宝塚記念2019リスグラシュー
100%
宝塚記念1994ビワハヤヒデ
100%
宝塚記念2023イクイノックス
100%
安田記念1990オグリキャップ
100%
安田記念2008ウオッカ
100%
安田記念2009ウオッカ
100%
安田記念2013ロードカナロア
100%
安田記念2020グランアレグリア
100%
宝塚記念1998サイレンススズカ
100%
宝塚記念1993メジロマックイーン
100%
東京優駿1988サクラチヨノオー
100%
秋華賞2018アーモンドアイ
100%
菊花賞2016サトノダイヤモンド
100%
菊花賞2017キセキ
100%
菊花賞2020コントレイル
100%
秋華賞2007ダイワスカーレット
100%
秋華賞2010アパパネ
100%
秋華賞2012ジェンティルドンナ
100%
スプリンターズS1993サクラバクシンオー
100%
宝塚記念1991メジロライアン
100%
スプリンターズS1994サクラバクシンオー
100%
スプリンターズS2003デュランダル
100%
スプリンターズS2012ロードカナロア
100%
スプリンターズS2013ロードカナロア
100%
スプリンターズS2020グランアレグリア
100%
宝塚記念1984カツラギエース
100%
東京優駿1984シンボリルドルフ
100%
東京優駿1991トウカイテイオー
100%
菊花賞2012ゴールドシップ
100%
天皇賞(春)1992メジロマックイーン
100%
ヴィクトリアマイル2011アパパネ
100%
ヴィクトリアマイル2020アーモンドアイ
100%
ヴィクトリアマイル2021グランアレグリア
100%
ヴィクトリアマイル2022ソダシ
100%
天皇賞(春)1985シンボリルドルフ
100%
天皇賞(春)1991メジロマックイーン
100%
天皇賞(春)1994ビワハヤヒデ
100%
優駿牝馬2019ラヴズオンリーユー
100%
天皇賞(春)1999スペシャルウィーク
100%
天皇賞(春)2000テイエムオペラオー
100%
天皇賞(春)2001テイエムオペラオー
100%
天皇賞(春)2006ディープインパクト
100%
天皇賞(春)2007メイショウサムソン
100%
天皇賞(春)2015ゴールドシップ
100%
ヴィクトリアマイル2009ウオッカ
100%
優駿牝馬2018アーモンドアイ
100%
東京優駿1992ミホノブルボン
100%
東京優駿2006メイショウサムソン
100%
東京優駿1993ウイニングチケット
100%
東京優駿1994ナリタブライアン
100%
東京優駿1998スペシャルウィーク
100%
東京優駿1999アドマイヤベガ
100%
東京優駿2001ジャングルポケット
100%
東京優駿2005ディープインパクト
100%
東京優駿2007ウオッカ
100%
優駿牝馬2012ジェンティルドンナ
100%
東京優駿2011オルフェーヴル
100%
東京優駿2015ドゥラメンテ
100%
東京優駿2016マカヒキ
100%
東京優駿2020コントレイル
100%
東京優駿2022ドウデュース
100%
優駿牝馬1993ベガ
100%
菊花賞2015キタサンブラック
100%
菊花賞2011オルフェーヴル
100%
天皇賞(春)2017キタサンブラック
100%
朝日杯FS2021ドウデュース
100%
有馬記念2022イクイノックス
100%
有馬記念2023ドウデュース
100%
朝日杯FS1987サクラチヨノオー
100%
朝日杯FS1991ミホノブルボン
100%
朝日杯FS1993ナリタブライアン
100%
朝日杯FS2006ドリームジャーニー
100%
阪神JF1986ゴールドシチー
100%
有馬記念2017キタサンブラック
100%
阪神JF2006ウオッカ
100%
阪神JF2009アパパネ
100%
阪神JF2020ソダシ
100%
チャンピオンズC2009エスポワールシチー
100%
チャンピオンズC2023レモンポップ
100%
ジャパンC1984カツラギエース
100%
有馬記念2019リスグラシュー
100%
有馬記念2016サトノダイヤモンド
100%
ジャパンC1992トウカイテイオー
100%
有馬記念1994ナリタブライアン
100%
ホープフルS2019コントレイル
100%
有馬記念1984シンボリルドルフ
100%
有馬記念1985シンボリルドルフ
100%
有馬記念1988オグリキャップ
100%
有馬記念1990オグリキャップ
100%
有馬記念1993トウカイテイオー
100%
有馬記念2000テイエムオペラオー
100%
有馬記念2014ジェンティルドンナ
100%
有馬記念2006ディープインパクト
100%
有馬記念2008ダイワスカーレット
100%
有馬記念2009ドリームジャーニー
100%
有馬記念2011オルフェーヴル
100%
有馬記念2012ゴールドシップ
100%
有馬記念2013オルフェーヴル
100%
ジャパンC1985シンボリルドルフ
100%
ジャパンC1999スペシャルウィーク
100%
菊花賞2005ディープインパクト
100%
天皇賞(秋)2020アーモンドアイ
100%
天皇賞(秋)1999スペシャルウィーク
100%
天皇賞(秋)2000テイエムオペラオー
100%
天皇賞(秋)2007メイショウサムソン
100%
天皇賞(秋)2008ウオッカ
100%
天皇賞(秋)2017キタサンブラック
100%
天皇賞(秋)2019アーモンドアイ
100%
天皇賞(秋)2022イクイノックス
100%
エリザベス女王杯2018リスグラシュー
100%
天皇賞(秋)2023イクイノックス
100%
菊花賞1984シンボリルドルフ
100%
菊花賞1990メジロマックイーン
100%
菊花賞1993ビワハヤヒデ
100%
菊花賞1994ナリタブライアン
100%
菊花賞1999ナリタトップロード
100%
天皇賞(秋)1984ミスターシービー
100%
エリザベス女王杯2007ダイワスカーレット
100%
ジャパンC2000テイエムオペラオー
100%
ジャパンC2018アーモンドアイ
100%
ジャパンC2001ジャングルポケット
100%
ジャパンC2006ディープインパクト
100%
ジャパンC2009ウオッカ
100%
ジャパンC2012ジェンティルドンナ
100%
ジャパンC2013ジェンティルドンナ
100%
ジャパンC2016キタサンブラック
100%
ジャパンC2020アーモンドアイ
100%
エリザベス女王杯1993ホクトベガ
100%
ジャパンC2021コントレイル
100%
ジャパンC2023イクイノックス
100%
マイルCS1989オグリキャップ
100%
マイルCS2003デュランダル
100%
マイルCS2004デュランダル
100%
マイルCS2020グランアレグリア
100%
マイルCS2021グランアレグリア
100%
天皇賞(春)2016キタサンブラック
100%
スプリンターズS2011カレンチャン
100%
皐月賞2015ドゥラメンテ
100%
皐月賞1992ミホノブルボン
100%
桜花賞2019グランアレグリア
100%
桜花賞2010アパパネ
100%
皐月賞1991トウカイテイオー
100%
皐月賞2005ディープインパクト
100%
桜花賞2018アーモンドアイ
100%
皐月賞2020コントレイル
100%
皐月賞2006メイショウサムソン
100%
フェブラリーS2010エスポワールシチー
100%
桜花賞2007ダイワスカーレット
100%
皐月賞1994ナリタブライアン
100%
皐月賞1993ナリタタイシン
100%
高松宮記念2012カレンチャン
100%
高松宮記念2013ロードカナロア
100%
桜花賞2012ジェンティルドンナ
100%
皐月賞2011オルフェーヴル
100%
桜花賞2021ソダシ
100%
皐月賞2012ゴールドシップ
100%
皐月賞1999テイエムオペラオー
100%
桜花賞1993ベガ
100%
大阪杯2017キタサンブラック
100%
皐月賞1984シンボリルドルフ
100%
優駿牝馬2010アパパネ
/サンテミリオン
100%
菊花賞2002ヒシミラクル
50%
菊花賞2004デルタブルース
50%
天皇賞(秋)2006ダイワメジャー
50%
天皇賞(秋)2004ゼンノロブロイ
50%
天皇賞(秋)2003シンボリクリスエス
50%
菊花賞2007アサクサキングス
50%
菊花賞2000エアシャカール
50%
菊花賞2008オウケンブルースリ
50%
天皇賞(秋)2002シンボリクリスエス
50%
天皇賞(秋)2001アグネスデジタル
50%
大阪杯2021レイパパレ
50%
菊花賞2014トーホウジャッカル
50%
天皇賞(秋)1998オフサイドトラップ
50%
天皇賞(春)2019フィエールマン
50%
菊花賞1996ダンスインザダーク
50%
菊花賞1998セイウンスカイ
50%
菊花賞1997マチカネフクキタル
50%
桜花賞2022スターズオンアース
50%
天皇賞(秋)2010ブエナビスタ
50%
菊花賞1995マヤノトップガン
50%
菊花賞1992ライスシャワー
50%
天皇賞(秋)2011トーセンジョーダン
50%
天皇賞(秋)2013ジャスタウェイ
50%
菊花賞1989バンブービギン
50%
菊花賞1987サクラスターオー
50%
菊花賞1985ミホシンザン
50%
天皇賞(秋)2018レイデオロ
50%
桜花賞2020デアリングタクト
50%
桜花賞2023リバティアイランド
50%
天皇賞(秋)2021エフフォーリア
50%
菊花賞1988スーパークリーク
50%
天皇賞(春)2020フィエールマン
50%
桜花賞2009ブエナビスタ
50%
宝塚記念1997マーベラスサンデー
50%
スプリンターズS2000ダイタクヤマト
50%
スプリンターズS2007アストンマーチャン
50%
スプリンターズS2015ストレイトガール
50%
スプリンターズS2021ピクシーナイト
50%
宝塚記念1988タマモクロス
50%
宝塚記念1989イナリワン
50%
宝塚記念1992メジロパーマー
50%
桜花賞1994オグリローマン
50%
宝塚記念1996マヤノトップガン
50%
宝塚記念1999グラスワンダー
50%
スプリンターズS1996フラワーパーク
50%
桜花賞1992ニシノフラワー
50%
桜花賞1991シスタートウショウ
50%
宝塚記念2003ヒシミラクル
50%
宝塚記念2004タップダンスシチー
50%
宝塚記念2005スイープトウショウ
50%
宝塚記念2010ナカヤマフェスタ
50%
桜花賞1986メジロラモーヌ
50%
宝塚記念2016マリアライト
50%
宝塚記念2017サトノクラウン
50%
宝塚記念2020クロノジェネシス
50%
スプリンターズS1997タイキシャトル
50%
スプリンターズS1995ヒシアケボノ
50%
菊花賞2018フィエールマン
50%
秋華賞2006カワカミプリンセス
50%
菊花賞2019ワールドプレミア
50%
菊花賞2021タイトルホルダー
50%
天皇賞(秋)1995サクラチトセオー
50%
菊花賞2023ドゥレッツァ
50%
秋華賞1997メジロドーベル
50%
秋華賞2002ファインモーション
50%
秋華賞2003スティルインラブ
50%
秋華賞2004スイープトウショウ
50%
秋華賞2005エアメサイア
50%
秋華賞2009レッドディザイア
50%
桜花賞2002アローキャリー
50%
桜花賞2005ラインクラフト
50%
秋華賞2013メイショウマンボ
50%
秋華賞2016ヴィブロス
50%
秋華賞2019クロノジェネシス
50%
秋華賞2020デアリングタクト
50%
秋華賞2023リバティアイランド
50%
スプリンターズS1990バンブーメモリー
50%
スプリンターズS1991ダイイチルビー
50%
スプリンターズS1992ニシノフラワー
50%
桜花賞2003スティルインラブ
50%
天皇賞(秋)1997エアグルーヴ
50%
天皇賞(秋)1985ギャロップダイナ
50%
天皇賞(秋)1993ヤマニンゼファー
50%
朝日杯FS2023ジャンタルマンタル
50%
朝日杯FS1992エルウェーウィン
50%
朝日杯FS1994フジキセキ
50%
朝日杯FS1997グラスワンダー
50%
朝日杯FS2001アドマイヤドン
50%
朝日杯FS2009ローズキングダム
50%
朝日杯FS2017ダノンプレミアム
50%
朝日杯FS2018アドマイヤマーズ
50%
朝日杯FS2020グレナディアガーズ
50%
フェブラリーS1997シンコウウインディ
50%
阪神JF1987サッカーボーイ
50%
フェブラリーS2002アグネスデジタル
50%
阪神JF1991ニシノフラワー
50%
阪神JF1993ヒシアマゾン
50%
阪神JF1995ビワハイジ
50%
阪神JF1996メジロドーベル
50%
阪神JF2003ヤマニンシュクル
50%
高松宮記念2022ナランフレグ
50%
阪神JF2008ブエナビスタ
50%
阪神JF2021サークルオブライフ
50%
阪神JF2022リバティアイランド
50%
朝日杯FS1989アイネスフウジン
50%
有馬記念2021エフフォーリア
50%
チャンピオンズC2001クロフネ
50%
フェブラリーS2014コパノリッキー
50%
ホープフルS2018サートゥルナーリア
50%
ホープフルS2020ダノンザキッド
50%
有馬記念1989イナリワン
50%
有馬記念1992メジロパーマー
50%
フェブラリーS2015コパノリッキー
50%
有馬記念1995マヤノトップガン
50%
有馬記念1996サクラローレル
50%
有馬記念1998グラスワンダー
50%
有馬記念1999グラスワンダー
50%
有馬記念2001マンハッタンカフェ
50%
有馬記念2020クロノジェネシス
50%
有馬記念2002シンボリクリスエス
50%
有馬記念2003シンボリクリスエス
50%
有馬記念2004ゼンノロブロイ
50%
有馬記念2005ハーツクライ
50%
フェブラリーS2011トランセンド
50%
有馬記念2010ヴィクトワールピサ
50%
フェブラリーS2008ヴァーミリアン
50%
有馬記念2018ブラストワンピース
50%
フェブラリーS2004アドマイヤドン
50%
阪神JF2023アスコリピチェーノ
50%
チャンピオンズC2002イーグルカフェ
50%
天皇賞(秋)1990ヤエノムテキ
50%
高松宮記念1996フラワーパーク
50%
マイルCS2006ダイワメジャー
50%
マイルCS2007ダイワメジャー
50%
マイルCS2013トーセンラー
50%
エリザベス女王杯1986メジロラモーヌ
50%
エリザベス女王杯1994ヒシアマゾン
50%
エリザベス女王杯1998メジロドーベル
50%
エリザベス女王杯1999メジロドーベル
50%
エリザベス女王杯2002ファインモーション
50%
エリザベス女王杯2005スイープトウショウ
50%
エリザベス女王杯2009クィーンスプマンテ
50%
マイルCS2002トウカイポイント
50%
エリザベス女王杯2013メイショウマンボ
50%
エリザベス女王杯2015マリアライト
50%
大阪杯2023ジャックドール
50%
エリザベス女王杯2022ジェラルディーナ
50%
大阪杯2022ポタジェ
50%
宝塚記念2022タイトルホルダー
50%
天皇賞(秋)1987ニッポーテイオー
50%
天皇賞(秋)1988タマモクロス
50%
天皇賞(秋)1989スーパークリーク
50%
高松宮記念2000キングヘイロー
50%
マイルCS2000アグネスデジタル
50%
チャンピオンズC2007ヴァーミリアン
50%
ジャパンC2004ゼンノロブロイ
50%
チャンピオンズC2010トランセンド
50%
チャンピオンズC2011トランセンド
50%
チャンピオンズC2014ホッコータルマエ
50%
チャンピオンズC2021テーオーケインズ
50%
高松宮記念2017セイウンコウセイ
50%
ジャパンC1993レガシーワールド
50%
ジャパンC1994マーベラスクラウン
50%
ジャパンC1998エルコンドルパサー
50%
ジャパンC2003タップダンスシチー
50%
ジャパンC2010ローズキングダム
50%
マイルCS1999エアジハード
50%
ジャパンC2011ブエナビスタ
50%
マイルCS1984ニホンピロウイナー
50%
マイルCS1985ニホンピロウイナー
50%
マイルCS1987ニッポーテイオー
50%
マイルCS1988サッカーボーイ
50%
マイルCS1991ダイタクヘリオス
50%
マイルCS1992ダイタクヘリオス
50%
マイルCS1996ジェニュイン
50%
マイルCS1997タイキシャトル
50%
マイルCS1998タイキシャトル
50%
宝塚記念2021クロノジェネシス
50%
菊花賞2001マンハッタンカフェ
50%
天皇賞(春)1989イナリワン
50%
NHKマイルC1998エルコンドルパサー
50%
天皇賞(春)1990スーパークリーク
50%
NHKマイルC2000イーグルカフェ
50%
安田記念2014ジャスタウェイ
50%
皐月賞1990ハクタイセイ
50%
NHKマイルC2008ディープスカイ
50%
東京優駿2008ディープスカイ
50%
皐月賞2021エフフォーリア
50%
皐月賞2022ジオグリフ
50%
天皇賞(春)1993ライスシャワー
50%
安田記念2007ダイワメジャー
50%
優駿牝馬2000シルクプリマドンナ
50%
NHKマイルC1997シーキングザパール
50%
皐月賞1998セイウンスカイ
50%
NHKマイルC2017アエロリット
50%
ヴィクトリアマイル2023ソングライン
50%
皐月賞1989ドクタースパート
50%
天皇賞(春)1995ライスシャワー
50%
NHKマイルC2021シュネルマイスター
50%
天皇賞(春)1997マヤノトップガン
50%
天皇賞(春)1998メジロブライト
50%
NHKマイルC2001クロフネ
50%
NHKマイルC2019アドマイヤマーズ
50%
皐月賞1995ジェニュイン
50%
優駿牝馬2009ブエナビスタ
50%
優駿牝馬2006カワカミプリンセス
50%
東京優駿1995タヤスツヨシ
50%
東京優駿2000アグネスフライト
50%
NHKマイルC2005ラインクラフト
50%
優駿牝馬2005シーザリオ
50%
皐月賞2010ヴィクトワールピサ
50%
NHKマイルC2004キングカメハメハ
50%
東京優駿1990アイネスフウジン
50%
優駿牝馬2003スティルインラブ
50%
東京優駿2002タニノギムレット
50%
天皇賞(春)1988タマモクロス
50%
東京優駿1989ウィナーズサークル
50%
東京優駿2003ネオユニヴァース
50%
天皇賞(春)1987ミホシンザン
50%
東京優駿1985シリウスシンボリ
50%
安田記念2023ソングライン
50%
皐月賞2000エアシャカール
50%
安田記念2022ソングライン
50%
優駿牝馬2013メイショウマンボ
50%
東京優駿2004キングカメハメハ
50%
皐月賞2019サートゥルナーリア
50%
東京優駿2012ディープブリランテ
50%
天皇賞(春)1996サクラローレル
50%
皐月賞1988ヤエノムテキ
50%
ヴィクトリアマイル2015ストレイトガール
50%
安田記念1998タイキシャトル
50%
ヴィクトリアマイル2016ストレイトガール
50%
天皇賞(春)2022タイトルホルダー
50%
安田記念1993ヤマニンゼファー
50%
安田記念1992ヤマニンゼファー
50%
安田記念1991ダイイチルビー
50%
優駿牝馬2022スターズオンアース
50%
優駿牝馬2023リバティアイランド
50%
皐月賞2023ソールオリエンス
50%
皐月賞2001アグネスタキオン
50%
ヴィクトリアマイル2014ヴィルシーナ
50%
ヴィクトリアマイル2013ヴィルシーナ
50%
安田記念1989バンブーメモリー
50%
安田記念1988ニッポーテイオー
50%
天皇賞(春)2021ワールドプレミア
50%
皐月賞1997サニーブライアン
50%
ヴィクトリアマイル2010ブエナビスタ
50%
安田記念1986ギャロップダイナ
50%
安田記念1985ニホンピロウイナー
50%
安田記念1999エアジハード
50%
優駿牝馬1986メジロラモーヌ
50%
東京優駿2023タスティエーラ
50%
東京優駿2018ワグネリアン
50%
優駿牝馬2020デアリングタクト
50%
皐月賞1987サクラスターオー
50%
東京優駿2013キズナ
50%
天皇賞(春)2002マンハッタンカフェ
50%
優駿牝馬1997メジロドーベル
50%
優駿牝馬1996エアグルーヴ
50%
皐月賞2004ダイワメジャー
50%
天皇賞(春)2003ヒシミラクル
50%
天皇賞(春)2004イングランディーレ
50%
皐月賞2002ノーリーズン
50%
皐月賞1985ミホシンザン
50%
東京優駿2017レイデオロ
50%
東京優駿1997サニーブライアン
50%
皐月賞2003ネオユニヴァース
50%
安田記念2003アグネスデジタル
50%
ジャパンC1989Horlicks
50%
ジャパンC1988Pay the Butler
50%
エリザベス女王杯2010Snow Fairy
50%
エリザベス女王杯2011Snow Fairy
50%
高松宮記念2019ミスターメロディ
0%
チャンピオンズC2000ウイングアロー
0%
高松宮記念2020モズスーパーフレア
0%
阪神JF2019レシステンシア
0%
チャンピオンズC2004タイムパラドックス
0%
阪神JF2015メジャーエンブレム
0%
チャンピオンズC2006アロンダイト
0%
NHKマイルC2009ジョーカプチーノ
0%
チャンピオンズC2008カネヒキリ
0%
阪神JF2018ダノンファンタジー
0%
阪神JF2016ソウルスターリング
0%
阪神JF2017ラッキーライラック
0%
NHKマイルC2007ピンクカメオ
0%
チャンピオンズC2005カネヒキリ
0%
NHKマイルC2012カレンブラックヒル
0%
NHKマイルC2011グランプリボス
0%
NHKマイルC2010ダノンシャンティ
0%
桜花賞1984ダイアナソロン
0%
NHKマイルC2006ロジック
0%
高松宮記念2005アドマイヤマックス
0%
高松宮記念2008ファイングレイン
0%
ジャパンC2014エピファネイア
0%
ジャパンC2015ショウナンパンドラ
0%
高松宮記念2007スズカフェニックス
0%
ジャパンC2017シュヴァルグラン
0%
高松宮記念2006オレハマッテルゼ
0%
ジャパンC2019スワーヴリチャード
0%
高松宮記念2004サニングデール
0%
ヴィクトリアマイル2019ノームコア
0%
ジャパンC2022ヴェラアズール
0%
高松宮記念2003ビリーヴ
0%
ヴィクトリアマイル2018ジュールポレール
0%
ヴィクトリアマイル2017アドマイヤリード
0%
マイルCS1986タカラスチール
0%
高松宮記念2002ショウナンカンプ
0%
マイルCS1990パッシングショット
0%
マイルCS1993シンコウラブリイ
0%
高松宮記念2009ローレルゲレイロ
0%
高松宮記念2010キンシャサノキセキ
0%
チャンピオンズC2012ニホンピロアワーズ
0%
チャンピオンズC2022ジュンライトボルト
0%
チャンピオンズC2013ベルシャザール
0%
チャンピオンズC2015サンビスタ
0%
チャンピオンズC2016サウンドトゥルー
0%
チャンピオンズC2017ゴールドドリーム
0%
チャンピオンズC2018ルヴァンスレーヴ
0%
チャンピオンズC2019クリソベリル
0%
チャンピオンズC2020チュウワウィザード
0%
NHKマイルC2003ウインクリューガー
0%
高松宮記念2018ファインニードル
0%
ジャパンC2008スクリーンヒーロー
0%
NHKマイルC2002テレグノシス
0%
高松宮記念2016ビッグアーサー
0%
阪神JF2013レッドリヴェール
0%
NHKマイルC1999シンボリインディ
0%
高松宮記念2014コパノリチャード
0%
NHKマイルC1996タイキフォーチュン
0%
高松宮記念2011キンシャサノキセキ
0%
ジャパンC2007アドマイヤムーン
0%
阪神JF2014ショウナンアデラ
0%
阪神JF1992スエヒロジョウオー
0%
阪神JF2012ローブティサージュ
0%
フェブラリーS2003ゴールドアリュール
0%
有馬記念2007マツリダゴッホ
0%
フェブラリーS2012テスタマッタ
0%
皐月賞1986ダイナコスモス
0%
フェブラリーS2009サクセスブロッケン
0%
フェブラリーS2007サンライズバッカス
0%
有馬記念2015ゴールドアクター
0%
フェブラリーS2006カネヒキリ
0%
フェブラリーS2005メイショウボーラー
0%
朝日杯FS1984スクラムダイナ
0%
天皇賞(春)2005スズカマンボ
0%
朝日杯FS1985ダイシンフブキ
0%
朝日杯FS1986メリーナイス
0%
フェブラリーS2001ノボトゥルー
0%
朝日杯FS1988サクラホクトオー
0%
朝日杯FS1990リンドシェーバー
0%
フェブラリーS2000ウイングアロー
0%
フェブラリーS1999メイセイオペラ
0%
朝日杯FS1995バブルガムフェロー
0%
朝日杯FS1996マイネルマックス
0%
フェブラリーS2013グレープブランデー
0%
天皇賞(春)2008アドマイヤジュピタ
0%
朝日杯FS1999エイシンプレストン
0%
フェブラリーS2018ノンコノユメ
0%
天皇賞(春)2018レインボーライン
0%
フェブラリーS2021カフェファラオ
0%
ホープフルS2021キラーアビリティ
0%
ホープフルS2022ドゥラエレーデ
0%
ホープフルS2023レガレイラ
0%
フェブラリーS2020モズアスコット
0%
フェブラリーS2019インティ
0%
有馬記念1986ダイナガリバー
0%
有馬記念1987メジロデュレン
0%
フェブラリーS2017ゴールドドリーム
0%
天皇賞(春)2009マイネルキッツ
0%
有馬記念1991ダイユウサク
0%
天皇賞(春)2023ジャスティンパレス
0%
フェブラリーS2016モーニン
0%
天皇賞(春)2014フェノーメノ
0%
天皇賞(春)2013フェノーメノ
0%
天皇賞(春)2012ビートブラック
0%
有馬記念1997シルクジャスティス
0%
天皇賞(春)2011ヒルノダムール
0%
天皇賞(春)2010ジャガーメイル
0%
朝日杯FS1998アドマイヤコジーン
0%
朝日杯FS2000メジロベイリー
0%
阪神JF2011ジョワドヴィーヴル
0%
阪神JF2000テイエムオーシャン
0%
阪神JF1989コガネタイフウ
0%
阪神JF1990イブキマイカグラ
0%
マイルCS1995トロットサンダー
0%
NHKマイルC2018ケイアイノーテック
0%
阪神JF1994ヤマニンパラダイス
0%
NHKマイルC2016メジャーエンブレム
0%
阪神JF1997アインブライド
0%
阪神JF1998スティンガー
0%
阪神JF1999ヤマカツスズラン
0%
阪神JF2001タムロチェリー
0%
NHKマイルC2020ラウダシオン
0%
阪神JF2002ピースオブワールド
0%
NHKマイルC2015クラリティスカイ
0%
阪神JF2004ショウナンパントル
0%
阪神JF2005テイエムプリキュア
0%
NHKマイルC2014ミッキーアイル
0%
阪神JF2007トールポピー
0%
NHKマイルC2013マイネルホウオウ
0%
高松宮記念2021ダノンスマッシュ
0%
阪神JF2010レーヴディソール
0%
阪神JF1988ラッキーゲラン
0%
高松宮記念2023ファストフォース
0%
朝日杯FS2002エイシンチャンプ
0%
朝日杯FS2013アジアエクスプレス
0%
朝日杯FS2003コスモサンビーム
0%
朝日杯FS2004マイネルレコルト
0%
朝日杯FS2005フサイチリシャール
0%
フェブラリーS1998グルメフロンティア
0%
朝日杯FS2007ゴスホークケン
0%
朝日杯FS2008セイウンワンダー
0%
朝日杯FS2010グランプリボス
0%
朝日杯FS2011アルフレード
0%
朝日杯FS2012ロゴタイプ
0%
朝日杯FS2014ダノンプラチナ
0%
阪神JF1985カツラギハイデン
0%
朝日杯FS2015リオンディーズ
0%
朝日杯FS2016サトノアレス
0%
天皇賞(春)1986クシロキング
0%
天皇賞(春)1984モンテファスト
0%
朝日杯FS2019サリオス
0%
NHKマイルC2023シャンパンカラー
0%
NHKマイルC2022ダノンスコーピオン
0%
朝日杯FS2022ドルチェモア
0%
阪神JF1984ダイゴトツゲキ
0%
マイルCS1994ノースフライト
0%
マイルCS2018ステルヴィオ
0%
ヴィクトリアマイル2012ホエールキャプチャ
0%
安田記念2021ダノンキングリー
0%
秋華賞2000ティコティコタック
0%
秋華賞2001テイエムオーシャン
0%
皐月賞2017アルアイン
0%
東京優駿1987メリーナイス
0%
東京優駿1986ダイナガリバー
0%
皐月賞2018エポカドーロ
0%
秋華賞2008ブラックエンブレム
0%
桜花賞2006キストゥヘヴン
0%
秋華賞2011アヴェンチュラ
0%
秋華賞2014ショウナンパンドラ
0%
秋華賞1998ファレノプシス
0%
秋華賞2015ミッキークイーン
0%
秋華賞2017ディアドラ
0%
桜花賞2004ダンスインザムード
0%
安田記念2019インディチャンプ
0%
安田記念2018モズアスコット
0%
秋華賞2021アカイトリノムスメ
0%
秋華賞2022スタニングローズ
0%
安田記念2017サトノアラジン
0%
安田記念2016ロゴタイプ
0%
秋華賞1999ブゼンキャンドル
0%
秋華賞1996ファビラスラフイン
0%
安田記念2012ストロングリターン
0%
桜花賞2014ハープスター
0%
皐月賞1996イシノサンデー
0%
桜花賞2016ジュエラー
0%
東京優駿2010エイシンフラッシュ
0%
東京優駿2009ロジユニヴァース
0%
桜花賞2015レッツゴードンキ
0%
皐月賞2007ヴィクトリー
0%
皐月賞2008キャプテントゥーレ
0%
皐月賞2009アンライバルド
0%
菊花賞2003ザッツザプレンティ
0%
菊花賞2006ソングオブウインド
0%
皐月賞2016ディーマジェスティ
0%
菊花賞2009スリーロールス
0%
菊花賞2010ビッグウィーク
0%
桜花賞2013アユサン
0%
菊花賞2013エピファネイア
0%
桜花賞2011マルセリーナ
0%
東京優駿1996フサイチコンコルド
0%
皐月賞2013ロゴタイプ
0%
桜花賞2008レジネッタ
0%
皐月賞2014イスラボニータ
0%
菊花賞2022アスクビクターモア
0%
安田記念2015モーリス
0%
安田記念2011リアルインパクト
0%
東京優駿2014ワンアンドオンリー
0%
宝塚記念2002ダンツフレーム
0%
安田記念2002アドマイヤコジーン
0%
宝塚記念1990オサイチジョージ
0%
桜花賞1996ファイトガリバー
0%
安田記念2001ブラックホーク
0%
桜花賞1995ワンダーパヒューム
0%
宝塚記念1995ダンツシアトル
0%
安田記念1997タイキブリザード
0%
安田記念1996トロットサンダー
0%
安田記念1994ノースフライト
0%
桜花賞1990アグネスフローラ
0%
宝塚記念1986パーシャンボーイ
0%
宝塚記念2007アドマイヤムーン
0%
宝塚記念2008エイシンデピュティ
0%
桜花賞1989シャダイカグラ
0%
宝塚記念2011アーネストリー
0%
桜花賞1988アラホウトク
0%
桜花賞1987マックスビューティ
0%
宝塚記念2015ラブリーデイ
0%
安田記念1987フレッシュボイス
0%
宝塚記念2018ミッキーロケット
0%
桜花賞1985エルプス
0%
宝塚記念1987スズパレード
0%
宝塚記念1985スズカコバン
0%
安田記念2010ショウワモダン
0%
桜花賞2000チアズグレイス
0%
スプリンターズS1998マイネルラヴ
0%
スプリンターズS1999ブラックホーク
0%
スプリンターズS2001トロットスター
0%
スプリンターズS2002ビリーヴ
0%
桜花賞2001テイエムオーシャン
0%
スプリンターズS2004カルストンライトオ
0%
スプリンターズS2008スリープレスナイト
0%
スプリンターズS2009ローレルゲレイロ
0%
フェブラリーS2022カフェファラオ
0%
桜花賞1999プリモディーネ
0%
桜花賞1997キョウエイマーチ
0%
スプリンターズS2014スノードラゴン
0%
安田記念2005アサクサデンエン
0%
スプリンターズS2016レッドファルクス
0%
スプリンターズS2017レッドファルクス
0%
スプリンターズS2018ファインニードル
0%
スプリンターズS2019タワーオブロンドン
0%
桜花賞1998ファレノプシス
0%
安田記念2004ツルマルボーイ
0%
スプリンターズS2022ジャンダルム
0%
スプリンターズS2023ママコチャ
0%
菊花賞1991レオダーバン
0%
桜花賞2017レーヌミノル
0%
菊花賞1986メジロデュレン
0%
エリザベス女王杯1995サクラキャンドル
0%
エリザベス女王杯1985リワードウイング
0%
エリザベス女王杯1987タレンティドガール
0%
エリザベス女王杯1988ミヤマポピー
0%
エリザベス女王杯1989サンドピアリス
0%
エリザベス女王杯1990キョウエイタップ
0%
エリザベス女王杯1991リンデンリリー
0%
エリザベス女王杯1992タケノベルベット
0%
高松宮記念1997シンコウキング
0%
エリザベス女王杯1996ダンスパートナー
0%
マイルCS2022セリフォス
0%
エリザベス女王杯1997エリモシック
0%
優駿牝馬2017ソウルスターリング
0%
優駿牝馬2016シンハライト
0%
エリザベス女王杯2000ファレノプシス
0%
東京優駿2019ロジャーバローズ
0%
優駿牝馬2015ミッキークイーン
0%
エリザベス女王杯2003アドマイヤグルーヴ
0%
エリザベス女王杯2004アドマイヤグルーヴ
0%
マイルCS2023ナミュール
0%
高松宮記念1998シンコウフォレスト
0%
エリザベス女王杯2006フサイチパンドラ
0%
マイルCS2010エーシンフォワード
0%
ヴィクトリアマイル2008エイジアンウインズ
0%
マイルCS2001ゼンノエルシド
0%
ヴィクトリアマイル2007コイウタ
0%
高松宮記念2001トロットスター
0%
ヴィクトリアマイル2006ダンスインザムード
0%
マイルCS2005ハットトリック
0%
マイルCS2008ブルーメンブラット
0%
マイルCS2009カンパニー
0%
マイルCS2011エイシンアポロン
0%
高松宮記念1999マサラッキ
0%
マイルCS2012サダムパテック
0%
優駿牝馬2021ユーバーレーベン
0%
マイルCS2014ダノンシャーク
0%
マイルCS2015モーリス
0%
マイルCS2016ミッキーアイル
0%
マイルCS2017ペルシアンナイト
0%
安田記念1984ハッピープログレス
0%
マイルCS2019インディチャンプ
0%
優駿牝馬2014ヌーヴォレコルト
0%
エリザベス女王杯2001トゥザヴィクトリー
0%
エリザベス女王杯2008リトルアマポーラ
0%
大阪杯2019アルアイン
0%
天皇賞(秋)1992レッツゴーターキン
0%
天皇賞(秋)1994ネーハイシーザー
0%
優駿牝馬1999ウメノファイバー
0%
天皇賞(秋)1996バブルガムフェロー
0%
優駿牝馬1998エリモエクセル
0%
大阪杯2020ラッキーライラック
0%
優駿牝馬1995ダンスパートナー
0%
優駿牝馬1994チョウカイキャロル
0%
優駿牝馬1992アドラーブル
0%
天皇賞(秋)2005ヘヴンリーロマンス
0%
優駿牝馬1991イソノルーブル
0%
大阪杯2018スワーヴリチャード
0%
優駿牝馬2001レディパステル
0%
天皇賞(秋)2009カンパニー
0%
優駿牝馬1990エイシンサニー
0%
優駿牝馬1989ライトカラー
0%
天皇賞(秋)2012エイシンフラッシュ
0%
優駿牝馬1988コスモドリーム
0%
天皇賞(秋)2014スピルバーグ
0%
天皇賞(秋)2015ラブリーデイ
0%
天皇賞(秋)2016モーリス
0%
優駿牝馬1987マックスビューティ
0%
優駿牝馬1985ノアノハコブネ
0%
優駿牝馬1984トウカイローマン
0%
東京優駿2021シャフリヤール
0%
エリザベス女王杯2012レインボーダリア
0%
天皇賞(秋)1991プレクラスニー
0%
ホープフルS2017タイムフライヤー
0%
優駿牝馬2002スマイルトゥモロー
0%
優駿牝馬2004ダイワエルシエーロ
0%
優駿牝馬2011エリンコート
0%
エリザベス女王杯2014ラキシス
0%
天皇賞(秋)1986サクラユタカオー
0%
エリザベス女王杯2023ブレイディヴェーグ
0%
優駿牝馬2007ローブデコルテ
0%
エリザベス女王杯2021アカイイト
0%
エリザベス女王杯2016クイーンズリング
0%
エリザベス女王杯2017モズカッチャン
0%
優駿牝馬2008トールポピー
0%
エリザベス女王杯2019ラッキーライラック
0%
エリザベス女王杯2020ラッキーライラック
0%
高松宮記念2015Aerovelocity
0%
ジャパンC2005Alkaased
0%
ジャパンC1990Better Loosen Up
0%
安田記念2006Bullish Luck
0%
安田記念2000Fairy King Prawn
0%
ジャパンC2002Falbrav
0%
チャンピオンズC2003Fleetstreet Dancer
0%
ジャパンC1991Golden Pheasant
0%
安田記念1995Heart Lake
0%
ジャパンC1986Jupiter Island
0%
ジャパンC1995Lando
0%
ジャパンC1987Le Glorieux
0%
ジャパンC1997Pilsudski
0%
スプリンターズS2005Silent Witness
0%
ジャパンC1996Singspiel
0%
スプリンターズS2006Takeover Target
0%
スプリンターズS2010Ultra Fantasy
0%

Score Distribution

Percentile by Number Answered

Percent of People with Each Score

Your Score History

You have not taken this quiz